[Event "45th Olympiad Budapest 2024"]
[Site "Budapest"]
[Date "2024.09.19"]
[Round "8"]
[Board "2"]
[White "Christiansen, Johan-Sebastian"]
[Black "Nguyen, Ngoc Truong Son"]
[Result "1/2-1/2"]
[WhiteElo "2661"]
[BlackElo "2633"]
[PlyCount "110"]
[EventDate "2024.09.11"]
[EventType "team-tourn"]
[EventRounds "11"]
[EventCountry "HUN"]
[WhiteTeam "Norway"]
[BlackTeam "Vietnam"]
[WhiteTeamCountry "NOR"]
[BlackTeamCountry "VIE"]

1. e4 e5 2. Nf3 Nc6 3. Bb5 Nge7 4. c3 d5 5. Nxe5 dxe4 6. d4 exd3 7. Qf3 Be6 8. O-O Qd5 9. Qxd5 Bxd5 10. Nxc6 ({RR} 10. Nxd3 a6 11. Ba4 Bc4 12. Rd1 O-O-O 13. Nf4 Ng6 14. Rxd8+ Nxd8 15. Nxg6 hxg6 16. Nd2 Bd3 17. Nf3 Bd6 18. g3 f6 19. Be3 g5 20. Bb3 g4 21. Nd2 Bf5 22. Nc4 Nc6 23. Rd1 Rd8 24. Nxd6+ Rxd6 {½-½ Mikaelyan,A (2529)-Sheng,J (2474) 1000GM Labor Super Swiss 2024 (6.4)}) 10... Bxc6 11. Bxd3 O-O-O 12. Bc4 $146 ({RR} 12. Bc2 Ng6 13. Be3 Bd6 14. Nd2 Rhe8 15. Nc4 Be7 16. Rfd1 Rd5 17. g3 Red8 18. Bd4 Rh5 19. Re1 Bf6 20. Bd1 Rg5 21. Be3 Rgd5 22. Bf3 Rd3 23. Bxc6 bxc6 24. Bxa7 h5 25. Be3 h4 26. Kg2 Ne7 {1-0 Kyc,J (2340)-Bugalski,M (2241) Krakow op-A 30th 2019 (5)}) ({RR} 12. Be2 Ng6 13. Be3 Nh4 14. Bg5 Re8 15. Bg4+ f5 16. Bh3 Be7 17. Bxh4 Bxh4 18. g3 Bg5 19. Bxf5+ Kb8 20. Na3 Rhf8 21. Bxh7 Bf3 22. Rfe1 c5 23. Bg6 Rxe1+ 24. Rxe1 Rd8 25. Nc4 Bf6 26. Be4 Bxe4 {1-0 Ostojic,P-Deze,A YUG-ch24 Novi Travnik 1969 (15)}) ({RR} 12. Be2 Ng6 13. Nd2 Bc5 14. Nb3 Bb6 15. c4 a6 16. c5 Ba7 17. Be3 Rde8 18. Rfd1 Nh4 19. Bf1 Nf5 20. Bf4 g5 21. Bxg5 Rhg8 22. Bf4 h5 23. Kh1 Rg4 24. Bg3 h4 25. Bd3 Nh6 26. f3 Ra4 {0-1 Duff,R (2113)-Studer,N (2337) Gibraltar Masters 12th 2014 (8)}) 12... Nd5 13. Be2 Bd6 14. Bf3 Rhe8 15. Nd2 Bf8 16. g3 f5 17. Nb3 Nb4 18. Bxc6 Nxc6 19. Bg5 Be7 20. Bxe7 Rxe7 21. Rfe1 Ne5 22. Kf1 Rde8 23. Nd4 g6 24. Rad1 a6 25. Nc2 Nf3 26. Rxe7 Rxe7 27. h3 Ng5 28. h4 Ne4 29. Kg2 Re6 30. Ne3 Nf6 31. Kf3 c6 32. Rd2 Kc7 33. Nc2 Ng4 34. Ne3 Ne5+ 35. Kg2 b5 36. h5 a5 37. hxg6 hxg6 38. Kf1 Nf3 39. Rd3 Ng5 40. Ng2 Ne4 41. Ne3 a4 42. a3 Nd6 43. Rd4 c5 44. Rh4 Kc6 45. Rh8 Ne4 46. Ke2 Rd6 47. Ke1 Re6 48. Ke2 Rd6 49. Ke1 Nd2 50. Rc8+ Kb6 51. Rb8+ Ka6 52. Rh8 Kb7 53. Rh6 Ne4 54. Rh7+ Kc6 55. Rh8 Re6 1/2-1/2

[Event "45th Olympiad Budapest 2024"]
[Site "Budapest"]
[Date "2024.09.19"]
[Round "8"]
[Board "3"]
[White "Le, Tuan Minh"]
[Black "Tari, Aryan"]
[Result "1-0"]
[WhiteElo "2564"]
[BlackElo "2642"]
[PlyCount "81"]
[EventDate "2024.09.11"]
[EventType "team-tourn"]
[EventRounds "11"]
[EventCountry "HUN"]
[WhiteTeam "Vietnam"]
[BlackTeam "Norway"]
[WhiteTeamCountry "VIE"]
[BlackTeamCountry "NOR"]

1. d4 Nf6 2. c4 g6 3. Nf3 Bg7 4. g3 c6 5. Bg2 d5 6. Nbd2 O-O 7. O-O Bf5 8. b3 a5 9. Bb2 a4 10. e3 ({RR} 10. bxa4 Qa5 11. Qb3 Qxa4 12. Qxb7 Nbd7 13. Qb3 Rfb8 14. cxd5 cxd5 15. Qxa4 Rxa4 16. Bc3 e6 17. h3 h5 18. Nh4 Rba8 19. Nxf5 gxf5 20. Rfb1 Rxa2 21. Rxa2 Rxa2 22. Rb2 Rxb2 23. Bxb2 Ne4 24. Nxe4 fxe4 {½-½ Ding,L (2805)-Grischuk,A (2775) Norway Chess 7th 2019 (9)}) 10... Qa5 ({RR} 10... Qb6 11. Re1 Na6 12. Bc3 axb3 13. Qxb3 Qxb3 14. axb3 Ne4 15. Nxe4 Bxe4 16. Nd2 Bxg2 17. Kxg2 Nc5 18. Reb1 Bf6 19. Kf3 Rfc8 20. Ke2 h5 21. f4 Kf8 22. Rc1 Ne4 23. Nxe4 dxe4 24. b4 e6 25. Kd2 {1-0 Arkell,K (2380)-Gallana,M (2280) 4NCL 2023-24 (3.4)}) 11. Ba3 Re8 12. Qe2 $146 ({RR} 12. Ne5 Nbd7 13. Nxd7 Bxd7 14. b4 Qd8 15. b5 Bf5 16. Qe2 cxb5 17. cxd5 b4 18. Bxb4 Nxd5 19. Qb5 Nxb4 20. Qxb4 e5 21. Nf3 exd4 22. Nxd4 Bc8 23. Rab1 Bxd4 24. Rfd1 Re7 25. Rxd4 Rd7 26. Rxd7 Qxd7 {1-0 Arkell,K (2475)-Hermansson,E (2340) Oxford GM-B 1998 (5)}) 12... Ne4 13. Nxe4 Bxe4 14. Rfc1 dxc4 15. bxc4 Nd7 16. Bb2 Rad8 17. Bc3 Qc7 18. Qd1 b5 19. Bf1 Rb8 20. Ng5 Nf6 21. Nxe4 Nxe4 22. cxb5 cxb5 23. Bb4 Qd8 24. Qf3 Nd6 25. Rab1 Qd7 26. Qd5 Bf8 27. Bxd6 b4 28. Rc6 exd6 29. Bb5 b3 30. axb3 a3 31. Ra1 Qe6 32. Bc4 Qxd5 33. Bxd5 Rb5 34. e4 Ra5 35. Rc7 Re7 36. Rc8 Rea7 37. Rb8 a2 38. b4 Ra4 39. b5 Kg7 40. b6 R7a5 41. b7 1-0

[Event "45th Olympiad Budapest 2024"]
[Site "Budapest"]
[Date "2024.09.19"]
[Round "8"]
[Board "4"]
[White "Urkedal, Frode Olav Olsen"]
[Black "Tran, Tuan Minh"]
[Result "1/2-1/2"]
[WhiteElo "2546"]
[BlackElo "2434"]
[PlyCount "130"]
[EventDate "2024.09.11"]
[EventType "team-tourn"]
[EventRounds "11"]
[EventCountry "HUN"]
[WhiteTeam "Norway"]
[BlackTeam "Vietnam"]
[WhiteTeamCountry "NOR"]
[BlackTeamCountry "VIE"]

1. e4 c5 2. Nf3 d6 3. d4 cxd4 4. Nxd4 Nf6 5. Nc3 a6 6. Be3 e5 7. Nb3 Be7 8. f3 Be6 9. Qd2 O-O 10. O-O-O b5 11. g4 b4 12. Nd5 Bxd5 13. exd5 a5 14. Nc5 a4 ({RR} 14... Nbd7 15. Na4 Ne8 16. h4 Rb8 17. g5 g6 18. h5 Ng7 19. Bd3 Nxh5 20. Rdg1 f5 21. gxf6 Ndxf6 22. Bg5 Kf7 23. Bxf6 Bxf6 24. Qh6 Ke7 25. Qxh7+ Rf7 26. Qxg6 Nf4 27. Qe4 Qd7 28. b3 Nh3 29. Rf1 {1-0 Kobalia,M (2593)-Bruzon Batista,L (2568) Capablanca Memorial Elite 35th 2000 (9)}) ({RR} 14... Nxg4 15. fxg4 dxc5 16. d6 Bh4 17. g5 Nc6 18. Rg1 b3 19. Kb1 bxa2+ 20. Ka1 Nd4 21. Bxd4 cxd4 22. Rg4 Qxd6 23. Rxh4 a4 24. Qd3 g6 25. Qh3 a3 26. b3 Rfb8 27. Rxh7 Kf8 28. Bc4 Ra7 29. Qf3 {1-0 Garifullina,L (2438)-Bodnaruk,A (2333) Swiss Queens Wed #32 2024 (4.165)}) 15. g5 Nfd7 16. Ne4 Qa5 17. h4 $146 ({RR} 17. Bh3 Nb6 18. Kb1 Na6 19. Nf6+ Kh8 20. Rhg1 Nc5 21. Rg4 b3 22. Rh4 gxf6 23. Qg2 f5 24. Bxf5 a3 25. cxb3 axb2 26. Ra4 Ncxa4 27. Qh3 Nc3+ 28. Kc2 b1=Q+ 29. Rxb1 Qxa2+ 30. Rb2 Qxb2+ 31. Kxb2 Ra2+ {1-0 Jenni,F (2481)-Forster,R (2482) SUI-ch Lenzerheide 2006 (4)}) ({RR} 17. Kb1 Rc8 18. Bh3 Qc7 19. Rhg1 b3 20. cxb3 axb3 21. axb3 Qb7 22. Qd3 Na6 23. Nf6+ Bxf6 24. gxf6 Nb4 25. Rxg7+ Kf8 26. Rxf7+ Kxf7 27. Qxh7+ Kxf6 28. Bg5+ {1-0 Salazar,A (2150)-Tautiva,C (2012) Bogota McGregor op 1st 2010 (8)}) 17... Na6 18. Bh3 Nac5 19. h5 Nxe4 20. fxe4 Nc5 21. Qg2 b3 22. cxb3 a3 23. Bxc5 axb2+ 24. Qxb2 Bxg5+ 25. Kb1 Qxc5 26. Rd3 Rfb8 27. Rc3 Qa7 28. Qc2 Be3 29. Rc7 Qa5 30. Rf1 Bf4 31. Rc6 Qb4 32. Rc4 Qb6 33. Rc6 Qd8 34. Rc7 Qh4 35. Bc8 g6 36. hxg6 hxg6 37. Qc6 Qd8 38. Bb7 Ra7 39. Rh1 Kg7 40. Rd7 Qf6 41. Qb6 Raa8 42. Qg1 Rd8 43. Bxa8 Rxd7 44. Bc6 Rd8 45. Kc2 Rb8 46. a3 Bg5 47. Qf1 Qd8 48. b4 Qb6 49. Qf3 Qd4 50. Kb3 Be3 51. Rd1 Qa7 52. Rf1 Bf4 53. Rh1 Qb6 54. Qe2 Qc5 55. Qf3 Qa7 56. Qe2 Be3 57. Re1 Bg5 58. Rh1 Rf8 59. Qf3 Rb8 60. Qe2 Qb6 61. Qf3 Bd2 62. Rf1 Bf4 63. Rh1 Qa7 64. Qe2 Qd4 65. Rd1 Qb6 1/2-1/2

[Event "45th Olympiad Budapest 2024"]
[Site "Budapest"]
[Date "2024.09.19"]
[Round "8"]
[Board "1"]
[White "Mchedlishvili, Mikheil"]
[Black "Giri, Anish"]
[Result "0-1"]
[WhiteElo "2574"]
[BlackElo "2724"]
[PlyCount "116"]
[EventDate "2024.09.11"]
[EventType "team-tourn"]
[EventRounds "11"]
[EventCountry "HUN"]
[WhiteTeam "Georgia"]
[BlackTeam "Netherlands"]
[WhiteTeamCountry "GEO"]
[BlackTeamCountry "NED"]

1. Nf3 d5 2. c4 d4 3. b4 c5 4. Bb2 Nf6 5. g3 Qc7 6. Bg2 e5 7. O-O Nc6 8. b5 Ne7 9. d3 ({RR} 9. e3 Ng6 10. Ng5 Be7 11. Ne4 Be6 12. d3 O-O 13. Nxf6+ Bxf6 14. Nd2 dxe3 15. fxe3 Bg5 16. Qe2 f5 17. Nb1 Rae8 18. Nc3 f4 19. Bd5 Bxd5 20. Nxd5 Qd7 21. Qh5 Bh6 22. e4 Rf7 23. a4 Ref8 {1-0 Zablotsky,S (2464)-Khismatullin,D (2557) TCh-RUS HL 2024 (4.3)}) 9... Ng6 10. e3 Be7 11. Re1 $146 ({RR} 11. Qe2 O-O 12. Nbd2 h6 13. a4 Bf5 14. a5 Rad8 15. Ra3 Rfe8 16. e4 Be6 17. Rb1 Qd7 18. Kf1 Bh3 19. Bxh3 Qxh3+ 20. Ke1 Nh7 21. Qf1 Qxf1+ 22. Kxf1 h5 23. Nb3 Nhf8 24. Raa1 Ne6 25. Ke2 Bd6 {½-½ Duda,J (2732)-Cheparinov,I (2663) FIDE World Cup 2023 (3.2)}) 11... O-O 12. a4 Bf5 13. a5 Rad8 14. e4 Bd7 15. Bc1 a6 16. b6 Qc8 17. Nbd2 h6 18. Kh1 Bh3 19. Ng1 Bxg2+ 20. Kxg2 Qe6 21. Rf1 Nd7 22. Qe2 Bg5 23. Nh3 Bxd2 24. Bxd2 f5 25. f3 f4 26. Be1 Nf6 27. Nf2 h5 28. Bd2 Nh7 29. Rg1 Rf6 30. Raf1 Rdf8 31. g4 Nh4+ 32. Kh1 Rh6 33. Nh3 hxg4 34. Rxg4 Nf6 35. Ng5 Qd7 36. Rgg1 g6 37. Be1 Kg7 38. Rf2 Rfh8 39. Qf1 Rh5 40. Rd2 Kf8 41. Ra2 Ke7 42. Rb2 Qc8 43. Re2 Qf8 44. Qh3 Nf5 45. Qxh5 Ng3+ 46. Bxg3 Rxh5 47. Be1 Qc8 48. Ra2 Kf8 49. Rb2 Qd7 50. Ra2 Ke7 51. Rgg2 Kf8 52. Rg1 Kg7 53. Rag2 Ng8 54. Rg4 Nh6 55. R4g2 Kf6 56. h4 Nf7 57. Rh2 Nxg5 58. hxg5+ Kg7 0-1

[Event "45th Olympiad Budapest 2024"]
[Site "Budapest"]
[Date "2024.09.19"]
[Round "8"]
[Board "2"]
[White "Van Foreest, Jorden"]
[Black "Kacharava, Nikolozi"]
[Result "0-1"]
[WhiteElo "2696"]
[BlackElo "2511"]
[PlyCount "60"]
[EventDate "2024.09.11"]
[EventType "team-tourn"]
[EventRounds "11"]
[EventCountry "HUN"]
[WhiteTeam "Netherlands"]
[BlackTeam "Georgia"]
[WhiteTeamCountry "NED"]
[BlackTeamCountry "GEO"]

1. d4 d5 2. c4 dxc4 3. Nf3 Nf6 4. e3 e6 5. Bxc4 c5 6. O-O a6 7. Re1 Nc6 8. Nc3 Be7 9. Bd3 O-O 10. dxc5 Bxc5 11. a3 b6 $146 ({RR} 11... Be7 12. b4 b5 13. Bb2 Bb7 14. Rc1 Qb6 15. Ne4 Rac8 16. Nxf6+ Bxf6 17. Bxf6 gxf6 18. Rc5 Ne7 19. Rh5 Ng6 20. Nd4 Rc3 21. Rh3 Rfc8 22. Bf1 Bd5 23. Rg3 Qc7 24. e4 Rxg3 25. hxg3 Bc4 26. Nb3 {½-½ Mastrovasilis,A (2484)-Vlahos,K (2248) 50th TCh-GRE 2023 (3.2)}) ({RR} 11... Qe7 12. Ne4 Nxe4 13. Bxe4 Bd7 14. b4 Bd6 15. Bb2 Rfd8 16. Qb3 Rac8 17. Rac1 Be8 18. g3 f6 19. Nd4 Nxd4 20. Bxd4 Bf7 21. Bb6 Re8 22. Rcd1 Bb8 23. Qa4 Bd6 24. Bxb7 Rb8 25. Qc6 Bxb4 26. Rd7 {1-0 Guo Qi (2378)-Chu,R (2124) CHN Team Women 2024 (1.1)}) ({RR} 11... Bd6 12. Ne4 Nxe4 13. Bxe4 f5 14. Bxc6 bxc6 15. e4 fxe4 16. Bg5 Bxh2+ 17. Nxh2 Qxg5 18. Rxe4 c5 19. Qb3 Qd5 20. Qe3 Rb8 21. b4 cxb4 22. axb4 Qd6 23. Rd4 Qe7 24. Qd2 Rb5 25. Rc1 e5 26. Rd6 {1-0 Oparin,G (2667)-Niemann,H (2708) 6th Sharjah Masters 2023 (6.3)}) 12. b4 Be7 13. Bb2 Bb7 14. Qe2 b5 15. e4 Nh5 16. g3 g6 17. Qe3 f6 18. Bc2 Bd6 19. Bb3 Qe7 20. Ne2 Ng7 21. e5 fxe5 22. Nxe5 Nxe5 23. Bxe5 Rf3 24. Qd4 Bxe5 25. Qxe5 Rxb3 26. Nd4 Rd3 27. Rac1 Rd8 28. Nc6 Bxc6 29. Rxc6 R3d6 30. Qc5 Qf8 0-1

[Event "45th Olympiad Budapest 2024"]
[Site "Budapest"]
[Date "2024.09.19"]
[Round "8"]
[Board "3"]
[White "Paichadze, Luka"]
[Black "L'ami, Erwin"]
[Result "1-0"]
[WhiteElo "2516"]
[BlackElo "2628"]
[PlyCount "89"]
[EventDate "2024.09.11"]
[EventType "team-tourn"]
[EventRounds "11"]
[EventCountry "HUN"]
[WhiteTeam "Georgia"]
[BlackTeam "Netherlands"]
[WhiteTeamCountry "GEO"]
[BlackTeamCountry "NED"]

1. e4 e5 2. Nf3 Nc6 3. d4 exd4 4. Nxd4 Nf6 5. Nxc6 bxc6 6. Bd3 d5 7. exd5 cxd5 8. O-O Be7 9. h3 O-O 10. Nd2 a5 ({RR} 10... Rb8 11. b3 c5 12. Re1 Be6 13. c4 Qc7 14. Qc2 a5 15. cxd5 Bxd5 16. Bb2 Rb6 17. Nc4 Re6 18. Bf5 Rxe1+ 19. Rxe1 Bd8 20. Ne3 Bb7 21. Bxf6 Bxf6 22. Bxh7+ Kh8 23. Qf5 Qe5 24. Qxe5 Bxe5 25. Nc4 {½-½ Fischer,J (2091)-Guichard,P (2362) TCh-FRA Top 16 GpA 2024 (1.8)}) 11. a4 $146 ({RR} 11. Re1 Bb7 12. Nf3 Ne4 13. Be3 Bf6 14. c3 a4 15. a3 c5 16. Qc2 Qb6 17. Re2 Ba6 18. Ne1 h6 19. Rd1 Rfd8 20. Bxa6 Qxa6 21. Nd3 Qc4 22. Ree1 d4 23. Ne5 Bxe5 24. Qxe4 Bf6 25. cxd4 cxd4 {0-1 Jobava,B (2669)-Vallejo Pons,F (2705) ITA-chT 50th 2018 (5.1)}) ({RR} 11. Nf3 c5 12. c4 d4 13. Re1 Bb7 14. Bg5 Re8 15. Nd2 Nd7 16. Bf4 Nf8 17. Qg4 Qb6 18. Re2 Ng6 19. Rae1 Bc8 20. Qg3 Be6 21. Nf3 Qa6 22. h4 Nxf4 23. Qxf4 Bd6 24. Qc1 Bd7 25. Qc2 h6 {0-1 Domene Mulyukov,A (2236)-Jacobson,A (2446) 10th Sunway Sitges 2023 (3.27)}) 11... Bb7 12. Re1 Ne4 13. Nxe4 dxe4 14. Bc4 Bd6 15. Qh5 Kh8 16. Bd2 f5 17. Bc3 Qe7 18. Rad1 Be5 19. Bxe5 Qxe5 20. b3 Bc6 21. Rd2 Rf6 22. Red1 Raf8 23. Rd8 e3 24. Qe2 f4 25. fxe3 f3 26. Rxf8+ Rxf8 27. Qf2 Qg5 28. Rd4 h6 29. Bd3 Qe7 30. g3 g5 31. g4 Qe5 32. Bf5 h5 33. e4 h4 34. Rd3 Qa1+ 35. Qf1 f2+ 36. Kxf2 Qxf1+ 37. Kxf1 Bxe4 38. Rd2 Bxf5 39. Rf2 Kg7 40. Rxf5 Rxf5+ 41. gxf5 c5 42. Ke2 Kf6 43. c3 Kg7 44. Kf3 Kf7 45. Kg4 1-0

[Event "45th Olympiad Budapest 2024"]
[Site "Budapest"]
[Date "2024.09.19"]
[Round "8"]
[Board "4"]
[White "Bok, Benjamin"]
[Black "Jobava, Baadur"]
[Result "1-0"]
[WhiteElo "2596"]
[BlackElo "2582"]
[PlyCount "101"]
[EventDate "2024.09.11"]
[EventType "team-tourn"]
[EventRounds "11"]
[EventCountry "HUN"]
[WhiteTeam "Netherlands"]
[BlackTeam "Georgia"]
[WhiteTeamCountry "NED"]
[BlackTeamCountry "GEO"]

1. d4 d5 2. c4 c6 3. Nf3 Nf6 4. Nc3 dxc4 5. a4 Bf5 6. Ne5 Nbd7 7. Nxc4 Nb6 8. Ne5 a5 9. h4 g6 10. f3 Be6 11. e4 Bg7 12. Be3 Nh5 13. Bd3 $146 ({RR} 13. Kf2 f5 14. exf5 gxf5 15. f4 Nf6 16. h5 Nbd5 17. h6 Nxc3 18. bxc3 Ne4+ 19. Kg1 Bxe5 20. fxe5 Nxc3 21. Qh5+ Kd7 22. Bd3 Qe8 23. Bxf5 Qxh5 24. Rxh5 Bxf5 25. Rxf5 Rhf8 26. Rg5 Ke6 27. Rg7 Rf7 {0-1 Kaufeld,J (2271)-Atakisi,U (2378) SRB Central-ch op-A 9th 2016 (8)}) 13... f6 14. d5 fxe5 15. dxe6 Nc8 16. Kf2 O-O 17. Bc4 Nd6 18. Bb3 Nf6 19. Kg1 Nh5 20. Kh2 Kh8 21. g3 Rf6 22. Kg2 Qf8 23. Qe2 Ra6 24. Rad1 Bh6 25. Bg5 Rb6 26. Ba2 Qg7 27. Rxd6 exd6 28. e7 Qxe7 29. Bxh6 Qd7 30. Rd1 Rb4 31. Bc4 Ng7 32. b3 Ne6 33. Be3 h5 34. Na2 Rxc4 35. Qxc4 Kh7 36. Nc3 Qe7 37. b4 Rxf3 38. Qe2 Rf8 39. bxa5 Nf4+ 40. Bxf4 exf4 41. Rf1 fxg3 42. Rxf8 Qxf8 43. Qf3 Qxf3+ 44. Kxf3 g5 45. hxg5 h4 46. Ne2 d5 47. e5 c5 48. e6 Kg7 49. Nf4 d4 50. e7 Kf7 51. Nd5 1-0

[Event "45th Olympiad Budapest 2024"]
[Site "Budapest"]
[Date "2024.09.19"]
[Round "8"]
[Board "1"]
[White "Keymer, Vincent"]
[Black "Brkic, Ante"]
[Result "1-0"]
[WhiteElo "2730"]
[BlackElo "2642"]
[PlyCount "107"]
[EventDate "2024.09.11"]
[EventType "team-tourn"]
[EventRounds "11"]
[EventCountry "HUN"]
[WhiteTeam "Germany"]
[BlackTeam "Croatia"]
[WhiteTeamCountry "GER"]
[BlackTeamCountry "CRO"]

1. c4 e5 2. g3 Nf6 3. Bg2 d5 4. cxd5 Nxd5 5. Nc3 Nxc3 6. bxc3 Bd6 7. Rb1 Nc6 ({RR} 7... Nd7 8. d4 O-O 9. e4 c5 10. dxe5 Bxe5 11. Ne2 Nb6 12. Be3 Qxd1+ 13. Rxd1 Na4 14. Rc1 Be6 15. f4 Bc7 16. e5 Rab8 17. c4 Nb2 18. O-O Bxc4 19. Bxc5 Bxe2 20. Bxf8 Bb6+ 21. Bc5 Bxf1 22. Bxb6 {1-0 Ponkratov,P (2590)-Karasev,V (2343) St Petersburg Summer op 2017 (3)}) ({RR} 7... c6 8. Nf3 O-O 9. O-O Qc7 10. d4 Nd7 11. e4 Re8 12. Re1 b6 13. Qb3 c5 14. d5 c4 15. Qa4 Bb7 16. Nd2 Nc5 17. Qxc4 Ba6 18. Rb5 Bxb5 19. Qxb5 a5 20. Qe2 b5 21. Ba3 Rac8 22. Bh3 {0-1 Owen,G (1834)-Madsen,J (1945) Reykjavik Open 2024 (9.100)}) 8. Nf3 O-O 9. Qc2 $146 ({RR} 9. O-O Rb8 10. d4 exd4 11. cxd4 Bf5 12. Ra1 Qe7 13. Nh4 Bg4 14. f3 Bd7 15. d5 Nd4 16. e3 Nb5 17. Qd3 Qf6 18. Rb1 Qc3 19. Rd1 g5 20. a4 Qxd3 21. Rxd3 gxh4 22. gxh4 Bc5 23. axb5 Bf5 {½-½ Baruch,A (2084)-Andersson,C (2224) BCF-chT2 0607 (4NCL) 2006 (11.5)}) 9... Rb8 10. h4 Qe8 11. Ng5 f5 12. Qb3+ Kh8 13. Bd5 Nd8 14. d4 exd4 15. cxd4 c6 16. Bg2 Ne6 17. d5 cxd5 18. Bxd5 Nc5 19. Qc4 b5 20. Qd4 Rb6 21. Bb2 Qe7 22. h5 h6 23. Nf3 Re8 24. O-O Nd7 25. Nh4 Nf8 26. Rbc1 Bd7 27. Ng6+ Nxg6 28. hxg6 Be5 29. Qxe5 Qxe5 30. Bxe5 Rxe5 31. Bf7 Rb8 32. Rc7 Be8 33. Rfc1 Bxf7 34. gxf7 Rd5 35. Rxa7 Kh7 36. Rc6 Re5 37. e3 Rf8 38. Rcc7 g5 39. Ra5 f4 40. exf4 gxf4 41. gxf4 Re4 42. Rxb5 Ra4 43. f5 Kg7 44. Rb6 Rxa2 45. Rg6+ Kh7 46. Rcc6 Rxf7 47. Rxh6+ Kg8 48. f6 Ra5 49. Kg2 Ra8 50. Rc5 Rff8 51. Kg3 Kf7 52. Rc7+ Ke6 53. f7+ Kd5 54. Kf4 1-0

[Event "45th Olympiad Budapest 2024"]
[Site "Budapest"]
[Date "2024.09.19"]
[Round "8"]
[Board "2"]
[White "Martinovic, Sasa"]
[Black "Kollars, Dmitrij"]
[Result "1/2-1/2"]
[WhiteElo "2563"]
[BlackElo "2659"]
[PlyCount "198"]
[EventDate "2024.09.11"]
[EventType "team-tourn"]
[EventRounds "11"]
[EventCountry "HUN"]
[WhiteTeam "Croatia"]
[BlackTeam "Germany"]
[WhiteTeamCountry "CRO"]
[BlackTeamCountry "GER"]

1. d4 Nf6 2. c4 e6 3. Nf3 d5 4. Nc3 Be7 5. Bf4 c5 6. dxc5 Bxc5 7. e3 Nc6 8. Qc2 Nb4 $146 9. Qb1 O-O 10. a3 Nc6 11. Qc2 Re8 12. Bg5 ({RR} 12. b4 Bf8 13. Be2 h6 14. O-O e5 15. Bg3 dxc4 16. Bxc4 a6 17. Qb3 Qe7 {½-½ Dambravaite,A (2135)-Kozlova,O (2055) Moravia-ch op (Women) 1996}) 12... Be7 13. Rd1 Qa5 14. Be2 h6 15. Bh4 Ne4 16. Bxe7 Nxe7 17. Rc1 Bd7 18. Ne5 Red8 19. Nxd7 Rxd7 20. cxd5 Nxc3 21. Qxc3 Qxd5 22. O-O Rc8 23. Qe1 Rdc7 24. Rxc7 Rxc7 25. Bf3 Qe5 26. Qd2 g6 27. Rd1 Kg7 28. g3 Qf5 29. Kg2 Rc2 30. Qb4 Nc6 31. Qxb7 Ne5 32. Rd4 g5 33. h3 h5 34. Qe4 Qxe4 35. Rxe4 Nd3 36. Bxh5 Nxf2 37. Ra4 Ne4+ 38. Kg1 Rc1+ 39. Kg2 Rc2+ 40. Kg1 Nxg3 41. Bf3 Rxb2 42. Rxa7 Ra2 43. a4 Kf6 44. a5 Ke5 45. Rxf7 Nf5 46. Bg4 Nxe3 47. Rg7 Kf6 48. Ra7 Nxg4 49. hxg4 Ke5 50. Rf7 Rxa5 51. Kg2 Rd5 52. Kg3 Rd3+ 53. Kg2 Re3 54. Kf2 Rc3 55. Kg2 Rc5 56. Kf3 Kd4 57. Rd7+ Rd5 58. Ra7 Rb5 59. Rd7+ Ke5 60. Rf7 Rd5 61. Rf8 Rc5 62. Rf7 Rc1 63. Kf2 Rd1 64. Rf8 Rd3 65. Rf7 Rc3 66. Rf8 Kd4 67. Rf6 Re3 68. Rg6 Re5 69. Kf3 Kd3 70. Rg8 Rd5 71. Ra8 Kd4 72. Ra4+ Ke5 73. Ke3 Rb5 74. Re4+ Kf6 75. Kf3 Rb3+ 76. Kf2 Rc3 77. Kg2 Rd3 78. Kf2 Ke7 79. Ra4 Kd6 80. Ra8 Rd4 81. Kg3 Ke7 82. Kf3 Kf7 83. Rb8 Rd3+ 84. Kf2 Ke7 85. Rg8 Rd5 86. Kf3 Rc5 87. Ke3 Kf7 88. Ra8 Kf6 89. Rf8+ Ke5 90. Kf3 Rc3+ 91. Kf2 Kd4 92. Rg8 Rc5 93. Rg6 Re5 94. Kf3 Kd3 95. Rg8 Rd5 96. Ra8 Rc5 97. Rd8+ Rd5 98. Ra8 Rc5 99. Rd8+ Rd5 1/2-1/2

[Event "45th Olympiad Budapest 2024"]
[Site "Budapest"]
[Date "2024.09.19"]
[Round "8"]
[Board "3"]
[White "Bluebaum, Matthias"]
[Black "Livaic, Leon"]
[Result "1-0"]
[WhiteElo "2640"]
[BlackElo "2550"]
[PlyCount "59"]
[EventDate "2024.09.11"]
[EventType "team-tourn"]
[EventRounds "11"]
[EventCountry "HUN"]
[WhiteTeam "Germany"]
[BlackTeam "Croatia"]
[WhiteTeamCountry "GER"]
[BlackTeamCountry "CRO"]

1. c4 Nf6 2. Nc3 g6 3. e4 d6 4. d4 Bg7 5. h3 O-O 6. Be3 e5 7. d5 Na6 8. Be2 Nc5 9. Qc2 a5 10. Nf3 Qe7 ({RR} 10... Nh5 11. g3 f5 12. exf5 Bxf5 13. Qd1 e4 14. Nd4 Bd7 15. Nb3 b6 16. Qd2 Qe7 17. Nd4 a4 18. O-O-O a3 19. b3 Qe5 20. Qc2 Rf7 21. Kb1 Raf8 22. Bg4 Nf6 23. Bf4 Qe8 24. Bxd7 Qxd7 25. Be3 {½-½ Cyborowski,L (2580)-Kempinski,R (2590) POL-ch 64th Opole 2007 (6)}) 11. g4 c6 $146 ({RR} 11... Bd7 12. Nh2 Rfb8 13. h4 c6 14. g5 Nh5 15. Bxh5 gxh5 16. Qe2 b5 17. Bxc5 dxc5 18. dxc6 Bxc6 19. cxb5 Bb7 20. Qxh5 Rd8 21. Ng4 Qd6 22. Rd1 Qg6 23. Qxg6 fxg6 24. Rxd8+ Rxd8 25. Ne3 Rd4 26. f3 {1-0 Glavinac,G (2168)-Hadzi Manev,L (2193) FRM-ch op 19th 2010 (7)}) ({RR} 11... b6 12. O-O-O a4 13. Nd2 Bd7 14. Rdg1 c6 15. Kb1 cxd5 16. cxd5 Rfc8 17. h4 a3 18. g5 Nfxe4 19. Ndxe4 Nxe4 20. Qb3 Nc5 21. Bxc5 Bf5+ 22. Ka1 axb2+ {0-1 Doeserich,J (2010)-Poelsterl,H (1899) 6th Bamberg Open 2024 (5.55)}) ({RR} 11... Ne8 12. Rg1 Kh8 13. O-O-O f5 14. Bg5 Qf7 15. Nd2 f4 16. b3 h6 17. h4 hxg5 18. hxg5 c6 19. Rh1+ Kg8 20. Rh4 f3 21. Nxf3 Qf4+ 22. Kb1 cxd5 23. cxd5 b5 24. Nxb5 Qxe4 25. Rdh1 Ba6 {0-1 Parvanova,D (1976)-Andreeva,P (2031) BUL-chT2 (Women) 48th 2015 (3.1)}) 12. Nd2 Bd7 13. g5 Ne8 14. h4 Nc7 15. f3 a4 16. h5 Rfc8 17. Kf2 cxd5 18. exd5 N7a6 19. Nde4 Bf5 20. Qd2 Nxe4+ 21. fxe4 Bd7 22. Rag1 Nc5 23. Rh2 Qd8 24. hxg6 hxg6 25. Rgh1 Qa5 26. Kg2 a3 27. b3 b5 28. Qe1 Be8 29. Rh7 bxc4 30. Qh4 1-0

[Event "45th Olympiad Budapest 2024"]
[Site "Budapest"]
[Date "2024.09.19"]
[Round "8"]
[Board "4"]
[White "Stevic, Hrvoje"]
[Black "Svane, Frederik"]
[Result "0-1"]
[WhiteElo "2531"]
[BlackElo "2640"]
[PlyCount "50"]
[EventDate "2024.09.11"]
[EventType "team-tourn"]
[EventRounds "11"]
[EventCountry "HUN"]
[WhiteTeam "Croatia"]
[BlackTeam "Germany"]
[WhiteTeamCountry "CRO"]
[BlackTeamCountry "GER"]

1. e4 c5 2. c3 Nf6 3. e5 Nd5 4. Nf3 d6 5. Bb5+ Bd7 6. Bc4 e6 7. d4 dxe5 8. Nxe5 Nc6 9. Nxd7 Qxd7 10. dxc5 Bxc5 11. O-O O-O-O $146 ({RR} 11... Rd8 12. Qc2 O-O 13. Nd2 Ne5 14. Be2 Qc7 15. Ne4 Be7 16. Ng5 Ng6 17. g3 Qc8 18. Qe4 Rd6 19. Nf3 f5 20. Qc4 Qd8 21. Qa4 a6 22. c4 Nf6 23. c5 Rd5 24. b4 Ne4 25. Bb2 Bf6 26. Qc2 {1-0 Jaferian,K (2234)-Preotu,R (2467) Canadian Open Zonal 2024 (2.3)}) 12. Nd2 Qc7 13. Qc2 Ne5 14. Be2 h5 15. Ne4 Bb6 16. c4 f5 17. Ng5 Ng4 18. g3 Nde3 19. fxe3 Nxe3 20. Bxe3 Bxe3+ 21. Kh1 Bxg5 22. Rad1 Rxd1 23. Qxd1 h4 24. g4 Rd8 25. Qa4 Qe5 0-1